<?xml version="1.0" encoding="UTF-8"?>
<record
    xmlns:xsi="http://www.w3.org/2001/XMLSchema-instance"
    xsi:schemaLocation="http://www.loc.gov/MARC21/slim http://www.loc.gov/standards/marcxml/schema/MARC21slim.xsd"
    xmlns="http://www.loc.gov/MARC21/slim">

  <leader>02139nam a2200349 i 4500</leader>
  <controlfield tag="003">CO-MqBPB</controlfield>
  <controlfield tag="005">20220822100323.0</controlfield>
  <controlfield tag="007">ta</controlfield>
  <controlfield tag="008">210831s2019    ck a   br6    000 1 spa d</controlfield>
  <datafield tag="020" ind1=" " ind2=" ">
    <subfield code="a">9789583061615</subfield>
  </datafield>
  <datafield tag="040" ind1=" " ind2=" ">
    <subfield code="a">CO-MqBPB</subfield>
    <subfield code="b">spa</subfield>
    <subfield code="e">rda</subfield>
    <subfield code="c">CO-MqBPB</subfield>
  </datafield>
  <datafield tag="041" ind1="1" ind2=" ">
    <subfield code="a">spa</subfield>
    <subfield code="h">fre</subfield>
  </datafield>
  <datafield tag="082" ind1=" " ind2=" ">
    <subfield code="a">NG</subfield>
    <subfield code="b">FERd</subfield>
  </datafield>
  <datafield tag="100" ind1="1" ind2=" ">
    <subfield code="a">Ferry, Luc</subfield>
    <subfield code="d">1951-</subfield>
    <subfield code="e">autor</subfield>
    <subfield code="9">186709</subfield>
  </datafield>
  <datafield tag="245" ind1="1" ind2="3">
    <subfield code="a">La sabidur&#xED;a de los mitos :</subfield>
    <subfield code="b">D&#xE9;dalo E &#xCD;caro /</subfield>
    <subfield code="c">concebido y escrito por Luc Ferry ; traducci&#xF3;n Maria Mercedes Correa ; gui&#xF3;n Clotilde Bruneau ; ilustraci&#xF3;n Didier Poli</subfield>
  </datafield>
  <datafield tag="250" ind1=" " ind2=" ">
    <subfield code="a">Primera edici&#xF3;n</subfield>
  </datafield>
  <datafield tag="264" ind1=" " ind2="1">
    <subfield code="a">Bogot&#xE1;</subfield>
    <subfield code="b">Panamericana Editorial</subfield>
    <subfield code="c">2020</subfield>
  </datafield>
  <datafield tag="300" ind1=" " ind2=" ">
    <subfield code="a">55 p&#xE1;ginas</subfield>
    <subfield code="b">ilustraciones a color</subfield>
    <subfield code="c">26 cm</subfield>
  </datafield>
  <datafield tag="336" ind1=" " ind2=" ">
    <subfield code="2">rdacontent</subfield>
    <subfield code="a">texto</subfield>
    <subfield code="b">txt</subfield>
  </datafield>
  <datafield tag="337" ind1=" " ind2=" ">
    <subfield code="2">rdamedia</subfield>
    <subfield code="a">sin mediaci&#xF3;n</subfield>
    <subfield code="b">n</subfield>
  </datafield>
  <datafield tag="338" ind1=" " ind2=" ">
    <subfield code="2">rdacarrier</subfield>
    <subfield code="a">volumen</subfield>
    <subfield code="b">nc</subfield>
  </datafield>
  <datafield tag="490" ind1="0" ind2=" ">
    <subfield code="a">C&#xF3;mic Panamericana</subfield>
  </datafield>
  <datafield tag="500" ind1=" " ind2=" ">
    <subfield code="a">La mitolog&#xED;a griega encanta a lectores de cualquier edad con epopeyas espectaculares, dioses todopoderosos, un bestiario formidable y h&#xE9;roes extraordinarios. Ofrece tambi&#xE9;n lecciones de sabidur&#xED;a de una profundidad incomparable. Este libro pertenece a la colecci&#xF3;n La sabidur&#xED;a de los mitos, que, en formato de novela gr&#xE1;fica, presenta una adaptaci&#xF3;n respetuosa de los textos originales. Al final de la historia, el lector encontrar&#xE1; un valioso material complementario que analiza el significado filos&#xF3;fico y el patrimonio cultural que representa cada mito. En este volumen se narra la historia de D&#xE9;dalo y su hijo &#xED;caro, que tras despertar la ira del rey Minos, son condenados a terminar sus d&#xED;as presos en el laberinto que el mismo D&#xE9;dalo construy&#xF3; para el Minotauro.</subfield>
  </datafield>
  <datafield tag="521" ind1=" " ind2=" ">
    <subfield code="a">Recomendado para un p&#xFA;blico infantil mayor de 9 a&#xF1;os</subfield>
  </datafield>
  <datafield tag="534" ind1=" " ind2=" ">
    <subfield code="t">Pers&#xE9;e et la Gorgone M&#xE9;duse</subfield>
  </datafield>
  <datafield tag="650" ind1="1" ind2="7">
    <subfield code="a">Mitolog&#xED;a griega</subfield>
    <subfield code="v">Tiras C&#xF3;micas, historietas, etc.</subfield>
    <subfield code="2">LEMB</subfield>
    <subfield code="9">186711</subfield>
  </datafield>
  <datafield tag="650" ind1="1" ind2="7">
    <subfield code="a">Mitolog&#xED;a cl&#xE1;sica </subfield>
    <subfield code="v">Tiras C&#xF3;micas, historietas, etc.</subfield>
    <subfield code="2">LEMB</subfield>
    <subfield code="9">186712</subfield>
  </datafield>
  <datafield tag="650" ind1="1" ind2="7">
    <subfield code="a">Dioses griegos</subfield>
    <subfield code="v">Tiras C&#xF3;micas, historietas, etc.</subfield>
    <subfield code="2">LEMB</subfield>
    <subfield code="9">186713</subfield>
  </datafield>
  <datafield tag="700" ind1="1" ind2=" ">
    <subfield code="a">Bruneau, Clotilde  </subfield>
    <subfield code="e">guionista</subfield>
    <subfield code="9">186715</subfield>
  </datafield>
  <datafield tag="700" ind1="1" ind2=" ">
    <subfield code="a">Poli,  Didier</subfield>
    <subfield code="e">ilustrador</subfield>
    <subfield code="9">186716</subfield>
  </datafield>
  <datafield tag="942" ind1=" " ind2=" ">
    <subfield code="c">BKLIT</subfield>
    <subfield code="2">ddc</subfield>
  </datafield>
  <datafield tag="999" ind1=" " ind2=" ">
    <subfield code="c">14429</subfield>
    <subfield code="d">14429</subfield>
  </datafield>
  <datafield tag="952" ind1=" " ind2=" ">
    <subfield code="0">0</subfield>
    <subfield code="1">0</subfield>
    <subfield code="2">ddc</subfield>
    <subfield code="4">0</subfield>
    <subfield code="7">0</subfield>
    <subfield code="8">LJ</subfield>
    <subfield code="a">BPMOS</subfield>
    <subfield code="b">BPMOS</subfield>
    <subfield code="d">2022-08-19</subfield>
    <subfield code="e">Compra BPSJBM 2022</subfield>
    <subfield code="i">NT</subfield>
    <subfield code="l">4</subfield>
    <subfield code="m">1</subfield>
    <subfield code="o">NG FERd</subfield>
    <subfield code="p">MOS502567</subfield>
    <subfield code="r">2025-03-28</subfield>
    <subfield code="s">2025-03-08</subfield>
    <subfield code="t">Ej 1</subfield>
    <subfield code="w">2022-08-19</subfield>
    <subfield code="y">BKLIT</subfield>
    <subfield code="z">Cinco d&#xED;as</subfield>
  </datafield>
  <datafield tag="952" ind1=" " ind2=" ">
    <subfield code="0">0</subfield>
    <subfield code="1">0</subfield>
    <subfield code="2">ddc</subfield>
    <subfield code="4">0</subfield>
    <subfield code="5">1</subfield>
    <subfield code="7">0</subfield>
    <subfield code="8">LJ</subfield>
    <subfield code="a">BPMOS</subfield>
    <subfield code="b">BPMOS</subfield>
    <subfield code="c">GEN</subfield>
    <subfield code="d">2026-03-25</subfield>
    <subfield code="e">Compra 2025</subfield>
    <subfield code="i">NT</subfield>
    <subfield code="l">0</subfield>
    <subfield code="o">NG FERd</subfield>
    <subfield code="p">MOS504804</subfield>
    <subfield code="r">2026-03-25</subfield>
    <subfield code="t">Ej.2</subfield>
    <subfield code="w">2026-03-25</subfield>
    <subfield code="y">BKLIT</subfield>
    <subfield code="z">Ocho d&#xED;as</subfield>
  </datafield>
</record>
